000 00352nam a2200133Ia 4500
005 20251222141825.0
008 251222s9999||||xx |||||||||||||| ||spa||
082 _a985.4/E88
100 _aEspinoza de la Borda, Álvaro
245 0 _aArequipa a través del Tiempo:
250 _a1ra.ed.
264 _bUniversidad Nacional del San Agustín
942 _cLIB
999 _c6917
_d6917